| 000 | 005390000a22001930004500 | ||
|---|---|---|---|
| 001 | 001707 | ||
| 003 | MACL | ||
| 005 | 20150730180741.0 | ||
| 008 | 150730b xxu||||| |||| 00| 0 eng d | ||
| 040 |
_aMACL _cMACL |
||
| 041 | _aEnglish | ||
| 082 | _a333/CHO | ||
| 100 |
_aChopra, Kanchan _92584 |
||
| 245 |
_aWater Resources, Sustainable Livelihoods And EcoS̜ystem Services _cKanchan Chopra |
||
| 260 |
_aNew Delhi _c2003 _bIndian Society For Ecological Economics, |
||
| 350 | _a575 | ||
| 650 |
_aEconomics _93636 |
||
| 942 |
_k334 _cBK _2ddc |
||
| 999 |
_c13625 _d13625 |
||